Chlapec v pruhovaném pyžamu /

Hlavní autor: Boyne, John, 1971-
Další autoři: Stuchlíková, Jarka, 1938-
Jazyk: Čeština
Vydáno: [Praha] : Slovart, 2017
Vydání: Vydání druhé
Edice: Brio
Témata:
Fyzický popis: 183 stran ; 22 cm
Knihy
Uloženo v:
LEADER 01910nam a2200529 i 4500
001 nkc20172892741
003 CZ PrNK
005 20240820143455.0
007 ta
008 170411s2017 xr g 000 f cze
015 |a cnb002892741 
020 |a 978-80-7529-290-2  |q (vázáno) 
035 |a (OCoLC)993638264 
040 |a OLA001  |b cze  |d ABA001  |e rda 
041 1 |a cze  |h eng 
045 |a x3x4 
072 7 |a 821.111-3  |x Anglická próza, anglicky psaná  |2 Konspekt  |9 25 
080 |a 821.111(415)-31  |2 MRF 
080 |a 323.12"1939/1945"  |2 MRF 
080 |a 355.01-053.2  |2 MRF 
080 |a (0:82-31)  |2 MRF 
100 1 |a Boyne, John,  |d 1971-  |7 xx0063039  |4 aut 
240 1 0 |a Boy in the striped pyjamas.  |l Česky 
245 1 0 |a Chlapec v pruhovaném pyžamu /  |c John Boyne ; z anglického originálu The boy in the striped pyjamas ... přeložila Jarka Stuchlíková 
250 |a Vydání druhé 
264 1 |a [Praha] :  |b Slovart,  |c 2017 
300 |a 183 stran ;  |c 22 cm 
336 |a text  |b txt  |2 rdacontent 
337 |a bez média  |b n  |2 rdamedia 
338 |a svazek  |b nc  |2 rdacarrier 
490 1 |a Brio 
648 7 |a 1939-1945  |7 ch460653  |2 czenas 
650 0 7 |a holocaust (1939-1945)  |7 ph117203  |2 czenas 
650 0 7 |a děti a válka  |7 ph194679  |2 czenas 
650 0 9 |a holocaust (1939-1945)  |2 eczenas 
650 0 9 |a children and war  |2 eczenas 
655 7 |a irské romány (anglicky)  |7 fd132475  |2 czenas 
655 9 |a Irish fiction (English)  |2 eczenas 
700 1 |a Stuchlíková, Jarka,  |d 1938-  |7 jn20000402306  |4 trl 
787 0 8 |i Z cyklu:  |t Chlapec v pruhovaném pyžamu  |g 1 
830 0 |a Brio  |0 s 
910 2 |a BOA001  |b 2-1388.228 
990 |a BK 
995 |a 01 
991 |b 201705  |c NOV 
996 6 |b 2610706186  |c 2-1388.228  |l MZK  |r Sklad / do 1 hodiny  |n 3  |p p.v.  |w 001610552  |u 000010  |a 1  |e BOA001  |j MZK50  |s P 
996 7 |b 2610823576  |c 2-1388.228  |l MZK  |r Sklad / do 1 hodiny  |n 25  |p kup  |w 001610552  |u 000020  |a 1  |e BOA001  |j MZK50  |s A